[Event "SRB-chT2 East"]
[Site "Serbia"]
[Date "2017.09.08"]
[Round "1.2"]
[White "Zivkovic, Ljubisa"]
[Black "Mincic, Srbislav"]
[Result "1/2-1/2"]
[WhiteElo "1965"]
[BlackElo "2191"]
[PlyCount "80"]
[EventDate "2017.09.08"]
[EventType "team-tourn"]
[EventRounds "11"]
[EventCountry "SRB"]
[SourceTitle "EXT 2022"]
[Source "ChessBase"]
[SourceDate "2021.10.06"]
[SourceVersion "1"]
[SourceVersionDate "2021.10.06"]
[SourceQuality "1"]

1. e4 e5 2. Nf3 Nf6 3. Nxe5 d6 4. Nf3 Nxe4 5. Nc3 Nxc3 6. dxc3 Be7 7. Be3 0-0 8. Qd2 Re8 9. 0-0-0 Bg4 10. h3 Bxf3 11. gxf3 Nd7 12. f4 Nf6 13. Bg2 c6 14. c4 Qc7 15. h4 Rad8 16. Bd4 a6 17. Qe3 c5 18. Bc3 b5 19. Bd5 Nxd5 20. cxd5 b4 21. Bd2 Bf6 22. Qf3 Qd7 23. Kb1 c4 24. Bxb4 Bxb2 25. Kxb2 Rb8 26. Ka1 Rxb4 27. Qc3 Rb7 28. Rhg1 g6 29. h5 Qf5 30. hxg6 fxg6 31. Rd4 Rc7 32. Rg5 Qf6 33. Rg3 Rb7 34. Re3 Reb8 35. Re1 Rc8 36. Qd2 Re7 37. Rxe7 Qxe7 38. Qe3 Qxe3 39. fxe3 c3 40. a3 h5 1/2-1/2

[Event "SRB Central-chT qual"]
[Site "Nis"]
[Date "2014.10.04"]
[Round "5"]
[White "Radivojevic, Tomislav"]
[Black "Zivkovic, Ljubisa"]
[Result "1-0"]
[WhiteElo "2193"]
[BlackElo "2002"]
[PlyCount "105"]
[EventDate "2014.10.02"]
[EventType "team-tourn"]
[EventRounds "7"]
[EventCountry "SRB"]
[SourceTitle "CBM 163 Extra"]
[Source "ChessBase"]
[SourceDate "2014.12.23"]
[SourceVersion "1"]
[SourceVersionDate "2014.12.23"]
[SourceQuality "1"]

1. Nf3 Nf6 2. g3 g6 3. Bg2 Bg7 4. 0-0 0-0 5. d4 d5 6. Nbd2 Nbd7 7. c4 dxc4 8. Qc2 Nb6 9. Nxc4 c6 10. Ncd2 Nfd5 11. a3 Re8 12. b3 a5 13. Bb2 a4 14. b4 Be6 15. Rad1 Nc7 16. Ng5 Qc8 17. Rfe1 Nb5 18. Nxe6 Qxe6 19. e3 Nd6 20. Rc1 Nb5 21. Bf1 Nd6 22. Bd3 Nd7 23. Nc4 Nxc4 24. Bxc4 Qd6 25. Rcd1 e6 26. Rd2 Red8 27. Red1 Nb6 28. Bf1 Qd5 29. Be2 Qb3 30. Qc5 Nd7 31. Qc1 Nb6 32. Rc2 Qd5 33. Rc5 Qd6 34. b5 Nd7 35. Rc2 Nb8 36. Bc3 Bf8 37. Bb4 Qd5 38. Bc4 Qd7 39. Bxf8 Rxf8 40. bxc6 bxc6 41. Bf1 Rc8 42. Bg2 Ra5 43. Rc4 Qd6 44. Qc3 Ra6 45. Rc1 f6 46. Qb2 Qc7 47. Qc2 Qa5 48. Rc5 Qc7 49. Qc4 Kf7 50. Rb1 Qa7 51. Bf1 Ra5 52. Rxa5 Qxa5 53. Rb7+ 1-0

[Event "SRB-chT2 South"]
[Site "Nis"]
[Date "2013.10.17"]
[Round "1.4"]
[White "Zivkovic, Ljubisa"]
[Black "Savic, Ivan"]
[Result "1/2-1/2"]
[WhiteElo "2000"]
[BlackElo "2049"]
[PlyCount "21"]
[EventDate "2013.10.17"]
[EventType "team-swiss"]
[EventRounds "8"]
[EventCountry "SRB"]
[SourceTitle "EXT 2014"]
[Source "ChessBase"]
[SourceDate "2013.11.20"]
[SourceVersion "1"]
[SourceVersionDate "2013.11.20"]
[SourceQuality "1"]

1. e4 e5 2. Nf3 Nf6 3. Nc3 Bb4 4. Nxe5 Bxc3 5. dxc3 Qe7 6. Nf3 Qxe4+ 7. Be2 0-0 8. 0-0 d5 9. Bd3 Qe7 10. Re1 Qd6 11. h3 1/2-1/2

[Event "SRB-CupT Central"]
[Site "Serbia"]
[Date "2013.04.26"]
[Round "5.3"]
[White "Zivkovic, Ljubisa"]
[Black "Djukic, Slobodan D"]
[Result "0-1"]
[WhiteElo "1995"]
[BlackElo "2191"]
[PlyCount "86"]
[EventDate "2013.03.24"]
[EventType "team-tourn"]
[EventRounds "8"]
[EventCountry "SRB"]
[SourceTitle "EXT 2018"]
[Source "ChessBase"]
[SourceDate "2017.10.13"]
[SourceVersion "1"]
[SourceVersionDate "2017.10.13"]
[SourceQuality "1"]

1. e4 c5 2. Nf3 Nc6 3. d4 cxd4 4. Nxd4 Nf6 5. Nc3 e5 6. Ndb5 d6 7. Bg5 a6 8. Na3 b5 9. Nd5 Qa5+ 10. Bd2 Qd8 11. Bg5 Be7 12. Bxf6 Bxf6 13. c3 0-0 14. Nc2 Bg5 15. h4 Bh6 16. Bd3 Ne7 17. Nce3 Bxe3 18. Nxe3 Be6 19. h5 h6 20. g3 d5 21. exd5 Nxd5 22. Qe2 Qg5 23. Nxd5 Bxd5 24. Be4 Bxe4 25. Qxe4 Rad8 26. Qe2 f5 27. Rd1 f4 28. gxf4 exf4 29. Rxd8 Rxd8 30. Kf1 Qd5 31. Rh3 Qxa2 32. Rf3 Qd5 33. Qe7 Rf8 34. Rh3 Qd1+ 35. Qe1 Qg4 36. Rh2 Rd8 37. Rg2 Qd7 38. f3 Re8 39. Qb1 Re3 40. Kg1 Qe7 41. Qa2+ Kh8 42. Rf2 Re1+ 43. Rf1 Qg5+ 0-1